| 000 | 01017nam a22003377a 4500 | ||
|---|---|---|---|
| 001 | BR2022000663 | ||
| 003 | BR-BrBNA | ||
| 005 | 20230928105651.0 | ||
| 007 | ta | ||
| 008 | 230509b bl.||||| |||| 00| 0 por d | ||
| 040 |
_aBR-BrBNA _bpor _cBiblioteca Nacional de Agricultura |
||
| 041 | _a(Por) | ||
| 072 |
_aK10; K50; P01 _b3000 |
||
| 090 | _ 3000 BR2022000663 | ||
| 110 | 1 |
_aAssociação Mineira de Silvicultura, Belo Horizonte, MG (Brasil) _9985 |
|
| 245 | 1 | _aFlorestas plantadas: um caminho para o desenvolvimento sustentável | |
| 260 | 3 |
_aBelo Horizonte, MG (Brasil): _c2012. |
|
| 300 | _a50 p. | ||
| 500 | _a52 illus.; 5 tables; 1 graph | ||
| 650 | _aSILVICULTURA | ||
| 650 | _aFLORESTA | ||
| 650 | _aPRODUÇÃO FLORESTAL | ||
| 650 | _aINDÚSTRIA FLORESTAL | ||
| 650 | _aASSOCIATIVISMO | ||
| 650 | _aPRODUTO FLORESTAL | ||
| 650 | _aEXPLORAÇÃO FLORESTAL | ||
| 650 | _aREFLORESTAMENTO | ||
| 650 | _aDESENVOLVIMENTO SUSTENTÁVEL | ||
| 909 |
_a202309 _bLucia _c55 _dLucia Elande |
||
| 942 | _cBK | ||
| 999 |
_c86116 _d86116 |
||